[Event "SV Würselen 1 - SG Porz 2"]
[Site "Oberliga NRW 2015/2016"]
[Date "2016.01.10"]
[Round "5.3"]
[White "Korotkjevich, Stanislav"]
[Black "Geiernaert, Steven"]
[Result "1/2-1/2"]
[WhiteElo "2333"]
[BlackElo "2424"]
[PlyCount "31"]
[EventDate "2016.??.??"]
[WhiteTeam "SG Porz 2"]
[BlackTeam "SV Würselen 1"]

1. d4 Nf6 2. Nf3 e6 3. c4 b6 4. a3 Bb7 5. Nc3 Ne4 6. Qc2 f5 7. g3 Be7 8. Bg2
Nxc3 9. Qxc3 O-O 10. O-O Be4 11. b4 a5 12. Bb2 Bf6 13. Qd2 Nc6 14. Rfd1 axb4
15. axb4 Ne7 16. b5 1/2-1/2

[Event "SV Würselen 1 - SG Porz 2"]
[Site "Oberliga NRW 2015/2016"]
[Date "2016.01.10"]
[Round "5.4"]
[White "Docx, Stefan"]
[Black "Pauly, Carlo"]
[Result "1/2-1/2"]
[WhiteElo "2419"]
[BlackElo "2192"]
[PlyCount "72"]
[EventDate "2016.??.??"]
[WhiteTeam "SV Würselen 1"]
[BlackTeam "SG Porz 2"]

1. c4 Nf6 2. Nc3 g6 3. Nf3 Bg7 4. e4 d6 5. d4 O-O 6. Be2 e5 7. d5 Na6 8. Bg5 h6
9. Bh4 Qe8 10. Nd2 Nh7 11. O-O f5 12. exf5 Bxf5 13. Nde4 Nf6 14. Bxf6 Bxf6 15.
Qd2 Bg7 16. f3 Qe7 17. Rab1 Nc5 18. b4 Nxe4 19. fxe4 Bd7 20. Qe3 Rf4 21. Bf3 h5
22. g3 Rff8 23. Bg2 Rxf1+ 24. Rxf1 a5 25. bxa5 Rxa5 26. a4 Kh7 27. h4 Bh6 28.
Qf2 Kg7 29. Nb5 Rxa4 30. Nxc7 Rxc4 31. Ne6+ Kg8 32. Qa2 b5 33. Qa8+ Qe8 34. Qa6
Bxe6 35. dxe6 Qxe6 36. Qxb5 Rc8 1/2-1/2

[Event "SV Würselen 1 - SG Porz 2"]
[Site "Oberliga NRW 2015/2016"]
[Date "2016.01.10"]
[Round "5.5"]
[White "Gallinnis, Norbert"]
[Black "Beukema, Stefan"]
[Result "0-1"]
[WhiteElo "2212"]
[BlackElo "2332"]
[PlyCount "52"]
[EventDate "2016.??.??"]
[WhiteTeam "SG Porz 2"]
[BlackTeam "SV Würselen 1"]

1. e4 e5 2. Qe2 Nc6 3. Nf3 Bc5 4. g3 d6 5. c3 Bg4 6. h3 Be6 7. Bg2 Qc8 8. Ng5
Bd7 9. f4 Nf6 10. fxe5 dxe5 11. Qc4 Be7 12. Qxf7+ Kd8 13. O-O Rf8 14. Qxg7 Rg8
15. Qh6 Rg6 16. Qh4 Be8 17. d4 h6 18. dxe5 hxg5 19. Bxg5 Nd7 20. Bxe7+ Nxe7 21.
Rf5 Nb6 22. Na3 Qe6 23. Rd1+ Nd7 24. Kh2 Kc8 25. Qf4 Rg8 26. Rh5 Bxh5 0-1

[Event "SV Würselen 1 - SG Porz 2"]
[Site "Oberliga NRW 2015/2016"]
[Date "2016.01.10"]
[Round "5.6"]
[White "Huhndorf, Arnold"]
[Black "Fieberg, Samuel"]
[Result "0-1"]
[WhiteElo "2220"]
[BlackElo "2146"]
[PlyCount "76"]
[EventDate "2016.??.??"]
[WhiteTeam "SV Würselen 1"]
[BlackTeam "SG Porz 2"]

1. d4 d5 2. c4 c6 3. Nf3 Nf6 4. Nc3 e6 5. g3 Nbd7 6. Bg2 Be7 7. O-O O-O 8. b3
b6 9. Qc2 Ba6 10. Rd1 Rc8 11. e4 dxc4 12. Nd2 c5 13. d5 exd5 14. Nxd5 Nxd5 15.
exd5 c3 16. Ne4 f5 17. Nxc3 c4 18. d6 Bf6 19. b4 Bxc3 20. Qxc3 Nf6 21. Bb2 Qd7
22. Rd4 b5 23. Rad1 Rcd8 24. Qa3 Bc8 25. Qa5 Rf7 26. a4 a6 27. axb5 axb5 28.
Qb6 Ne4 29. Rxe4 fxe4 30. Bxe4 Bb7 31. Bxb7 Rb8 32. Qc5 Qxb7 33. Be5 Rc8 34.
Qe3 Qf3 35. Qxf3 Rxf3 36. d7 Rd8 37. Bc7 Rd3 38. Rxd3 cxd3 0-1

[Event "SV Würselen 1 - SG Porz 2"]
[Site "Oberliga NRW 2015/2016"]
[Date "2016.01.10"]
[Round "5.7"]
[White "Liard, Thibaud"]
[Black "Andok, Claus Michael"]
[Result "0-1"]
[WhiteElo "2128"]
[BlackElo "2074"]
[Annotator "Hausrath,Daniel"]
[PlyCount "64"]
[EventDate "2016.??.??"]
[WhiteTeam "SG Porz 2"]
[BlackTeam "SV Würselen 1"]

1. d4 g6 2. Nf3 Bg7 3. c4 d6 4. Nc3 Nc6 5. d5 Nb8 6. e4 a5 7. Be2 e5 8. dxe6
Bxe6 9. O-O Nc6 10. Be3 Nf6 11. Ng5 O-O 12. f4 Bd7 13. c5 h6 14. Nxf7 Rxf7 $11
15. cxd6 cxd6 16. Bc4 Ng4 17. Bxf7+ Kxf7 18. f5 Nxe3 19. Qb3+ d5 20. Nxd5 a4
21. Qa3 Nxf1 22. Rxf1 gxf5 23. exf5 Ne5 24. Qg3 Qg5 25. Qa3 Rc8 26. f6 Bf8 27.
b4 Rc2 28. Nf4 Rc4 29. Qe3 Bxb4 30. Kh1 Bc6 31. Qb6 Rxf4 32. Qc7+ Nd7 0-1

[Event "SV Würselen 1 - SG Porz 2"]
[Site "Oberliga NRW 2015/2016"]
[Date "2016.01.10"]
[Round "5.8"]
[White "Heinichen, Nils"]
[Black "Sabirov, Ramil"]
[Result "0-1"]
[WhiteElo "2068"]
[BlackElo "2053"]
[PlyCount "100"]
[EventDate "2016.??.??"]
[WhiteTeam "SV Würselen 1"]
[BlackTeam "SG Porz 2"]

1. d4 Nf6 2. Nf3 g6 3. c4 Bg7 4. Nc3 d5 5. e3 O-O 6. Qb3 dxc4 7. Bxc4 Nc6 8.
Be2 b6 9. O-O Bb7 10. Rd1 e6 11. e4 Na5 12. Qc2 Qe7 13. a3 c5 14. dxc5 Qxc5 15.
Be3 Qc7 16. Qa4 a6 17. Rac1 b5 18. Qb4 Nc4 19. Nxb5 axb5 20. b3 Ng4 21. bxc4
Nxe3 22. fxe3 bxc4 23. Rxc4 Qb8 24. Rc2 Ra7 25. Rd7 Bxe4 26. Qxb8 Rxb8 27. Rxa7
Bxc2 28. Nd4 Bxd4 29. exd4 Rd8 30. Rc7 Ba4 31. Kf2 Rxd4 32. Ke3 Rh4 33. Rc4
Rxc4 34. Bxc4 Kg7 35. Kd4 Kf6 36. Kc5 Ke5 37. Bb5 Bxb5 38. Kxb5 Kd6 39. Kc4 e5
40. Kd3 f5 41. g3 Kc5 42. Kc3 Kb5 43. Kb3 f4 44. gxf4 exf4 45. Kc3 g5 46. Kd4
Ka4 47. Ke4 Kxa3 48. h4 h6 49. Kf3 Kb3 50. Kg4 Kc3 0-1

[Event "SV Erkenschwick 1 - SK Werther 1"]
[Site "NRW-Klasse, Gruppe 1 2015/201"]
[Date "2016.01.10"]
[Round "5.1"]
[White "Suchland, Marko"]
[Black "Bitalzadeh, Ali"]
[Result "1/2-1/2"]
[WhiteElo "2134"]
[BlackElo "2363"]
[PlyCount "62"]
[EventDate "2016.??.??"]
[WhiteTeam "SK Werther 1"]
[BlackTeam "SV Erkenschwick 1"]

1. e4 g6 2. c4 Bg7 3. Nc3 c5 4. g3 Nc6 5. Bg2 d6 6. Nge2 a6 7. O-O Rb8 8. d3 b5
9. Rb1 Qa5 10. a3 bxc4 11. dxc4 Nf6 12. Bd2 O-O 13. Nd5 Qd8 14. Bc3 e5 15. b4
Nxd5 16. cxd5 Nd4 17. Nxd4 exd4 18. Ba1 Bd7 19. Qd2 Qb6 20. Rfc1 f5 21. Bh3 a5
22. Kg2 axb4 23. axb4 cxb4 24. Rc4 b3 25. Bxd4 Qb5 26. Rc7 Bxd4 27. Qxd4 Rf7
28. Rc3 Qe2 29. Rcxb3 Rxb3 30. Rxb3 Bb5 31. Rb1 Qd3 1/2-1/2

[Event "SV Erkenschwick 1 - SK Werther 1"]
[Site "NRW-Klasse, Gruppe 1 2015/201"]
[Date "2016.01.10"]
[Round "5.2"]
[White "Erwich, Marc"]
[Black "Freiberger, Jonas"]
[Result "1-0"]
[WhiteElo "2286"]
[BlackElo "2149"]
[PlyCount "99"]
[EventDate "2016.??.??"]
[WhiteTeam "SV Erkenschwick 1"]
[BlackTeam "SK Werther 1"]

1. e4 e5 2. Nf3 Nc6 3. Bc4 Nf6 4. Ng5 Bc5 5. Bxf7+ Ke7 6. Bd5 Rf8 7. O-O Qe8 8.
c3 Qg6 9. d4 Bb6 10. Nf3 d6 11. Nh4 Qe8 12. a4 exd4 13. Bxc6 Qxc6 14. a5 dxc3
15. Nxc3 Bg4 16. Qd3 Bc5 17. b4 Bxb4 18. Nd5+ Kd7 19. Nxb4 Qxe4 20. Qxe4 Nxe4
21. f3 Nc3 22. Bb2 Ne2+ 23. Kf2 Rae8 24. Rfe1 g5 25. Rxe2 Be6 26. Rd1 gxh4 27.
Nd5 Bxd5 28. Rxe8 Rxe8 29. Rxd5 c5 30. Rh5 Re7 31. Rxh4 d5 32. Bf6 Rf7 33. Be5
Kc6 34. Ra4 b5 35. axb6 axb6 36. g4 d4 37. g5 Kd5 38. f4 b5 39. Ra1 b4 40. h4
b3 41. h5 b2 42. Rb1 Rb7 43. g6 hxg6 44. hxg6 c4 45. Ke2 Rb6 46. g7 Rg6 47.
Rxb2 c3 48. Rb4 c2 49. Rxd4+ Kc5 50. Kd2 1-0

[Event "SV Erkenschwick 1 - SK Werther 1"]
[Site "NRW-Klasse, Gruppe 1 2015/201"]
[Date "2016.01.10"]
[Round "5.3"]
[White "Haskenhoff, Jan"]
[Black "Erwich, Frank"]
[Result "1/2-1/2"]
[WhiteElo "2096"]
[BlackElo "2329"]
[Annotator "Hausrath,Daniel"]
[PlyCount "141"]
[EventDate "2016.??.??"]
[WhiteTeam "SK Werther 1"]
[BlackTeam "SV Erkenschwick 1"]

1. e4 e5 2. Nf3 Nc6 3. Nc3 Nf6 4. Bb5 Nd4 5. Bc4 d6 6. h3 Be7 7. d3 Nxf3+ 8.
Qxf3 c6 9. a4 O-O 10. O-O Be6 11. Bg5 Nd7 12. Be3 Qe8 13. a5 Bd8 14. Qg3 Bxc4
15. Bh6 Bf6 16. dxc4 Qe6 17. b3 Rfd8 18. Rfd1 Nf8 19. Be3 Qe7 20. Rd3 Ne6 21.
Rad1 Nd4 22. R3d2 h5 23. f4 Bh4 24. Qh2 Re8 25. Kh1 b6 26. Na4 bxa5 27. Qg1 Bg3
28. fxe5 dxe5 29. Bxd4 exd4 30. Rxd4 Bc7 31. R1d2 Qe5 32. Rd7 Re7 33. Rxe7 Qxe7
34. Qe3 Qe5 35. g3 Re8 36. Kg2 h4 37. Nc3 hxg3 38. Rd7 Re6 39. Qd4 Rf6 40. Qxe5
Bxe5 41. Nd1 Rf4 42. Kxg3 Rxe4+ 43. Kf3 Rf4+ 44. Kg2 Rd4 45. Re7 Rxd1 46. Re8+
Kh7 47. Rxe5 Rd2+ 48. Kg3 Rxc2 49. Rxa5 Rc3+ 50. Kg4 Rxb3 51. Rxa7 Rb4 52. Rxf7
Rxc4+ 53. Kg5 Rd4 54. Rc7 Rd5+ 55. Kg4 c5 56. h4 Kh6 57. Rc6+ g6 58. Rc7 Rd4+
59. Kg3 c4 60. Kh3 $11 Rd3+ 61. Kg4 Rc3 62. Rc6 Rc1 63. Kg3 Kg7 64. Kg2 Rc2+
65. Kg3 Kf7 66. Kg4 Rc1 67. Kg5 c3 68. Rc7+ Ke6 69. Kxg6 Rg1+ 70. Kh6 Rg3 71.
h5 1/2-1/2

[Event "SV Erkenschwick 1 - SK Werther 1"]
[Site "NRW-Klasse, Gruppe 1 2015/201"]
[Date "2016.01.10"]
[Round "5.4"]
[White "Van Beek, Alexander"]
[Black "Henkemeier, Markus"]
[Result "0-1"]
[WhiteElo "2295"]
[BlackElo "1988"]
[PlyCount "78"]
[EventDate "2016.??.??"]
[WhiteTeam "SV Erkenschwick 1"]
[BlackTeam "SK Werther 1"]

1. e4 c6 2. d4 d5 3. Nd2 dxe4 4. Nxe4 Bf5 5. Ng3 Bg6 6. h4 h6 7. Nf3 Nd7 8. h5
Bh7 9. Bd3 Bxd3 10. Qxd3 e6 11. Bd2 Ngf6 12. O-O-O Be7 13. Kb1 O-O 14. Ne4 Nxe4
15. Qxe4 Nf6 16. Qe2 Qd5 17. Be3 b5 18. Ne5 a5 19. g4 Nd7 20. Bc1 b4 21. Rhg1
Rfd8 22. Rd3 Nxe5 23. dxe5 Qb5 24. g5 hxg5 25. Bxg5 Bxg5 26. Rxg5 Rxd3 27. cxd3
Kf8 28. Qe4 Rd8 29. Rg3 a4 30. f4 b3 31. Qh7 bxa2+ 32. Ka1 Qb3 33. Qxg7+ Ke8
34. Qg8+ Ke7 35. Qg5+ Kd7 36. f5 a3 37. fxe6+ fxe6 38. Qg7+ Kc8 39. Rg2 Rxd3
0-1

[Event "SV Erkenschwick 1 - SK Werther 1"]
[Site "NRW-Klasse, Gruppe 1 2015/201"]
[Date "2016.01.10"]
[Round "5.5"]
[White "Goecke, Karl Ulrich"]
[Black "Langers, Alexander"]
[Result "1/2-1/2"]
[WhiteElo "2067"]
[BlackElo "2201"]
[PlyCount "83"]
[EventDate "2016.??.??"]
[WhiteTeam "SK Werther 1"]
[BlackTeam "SV Erkenschwick 1"]

1. d4 Nf6 2. Nf3 g6 3. c4 Bg7 4. e3 c5 5. dxc5 Ne4 6. Qc2 Qa5+ 7. Nbd2 Nxc5 8.
a3 d6 9. b4 Qa4 10. Qa2 Ne6 11. Bb2 O-O 12. Be2 Qd7 13. O-O b6 14. Rfd1 Bb7 15.
Nb3 Qc7 16. Bxg7 Nxg7 17. Rac1 Nd7 18. Nfd4 a6 19. Qd2 Rac8 20. a4 Rfd8 21. a5
Ne8 22. b5 Nc5 23. axb6 Qxb6 24. Qa5 Qc7 25. Qxc7 Nxc7 26. Na5 Kf8 27. Ra1 axb5
28. cxb5 Be4 29. f3 Ba8 30. Rdb1 Nd5 31. Ra3 Nb6 32. Kf2 Rc7 33. Ndc6 Rdc8 34.
e4 Ncd7 35. Ra2 Nc5 36. Nd4 Ra7 37. Rba1 d5 38. e5 Ncd7 39. f4 Nc5 40. Bf3 Nd3+
41. Kg3 g5 42. e6 1/2-1/2

[Event "SV Erkenschwick 1 - SK Werther 1"]
[Site "NRW-Klasse, Gruppe 1 2015/201"]
[Date "2016.01.10"]
[Round "5.6"]
[White "Homs, Guust"]
[Black "Ortpaul, Mario"]
[Result "1-0"]
[WhiteElo "2186"]
[BlackElo "1964"]
[PlyCount "105"]
[EventDate "2016.??.??"]
[WhiteTeam "SV Erkenschwick 1"]
[BlackTeam "SK Werther 1"]

1. e4 e6 2. d4 d5 3. Nc3 dxe4 4. Nxe4 Bd7 5. Nf3 Bc6 6. Bd3 Nd7 7. O-O Ngf6 8.
Ng3 Be7 9. c3 O-O 10. b4 Bxf3 11. Qxf3 c6 12. Bb2 Qc7 13. a3 Rad8 14. Rfe1 Rfe8
15. c4 b6 16. Rac1 Bd6 17. Kh1 Bf4 18. Rc2 Bxg3 19. hxg3 c5 20. dxc5 bxc5 21.
b5 e5 22. Rce2 Qd6 23. Bc2 e4 24. Bxe4 Nxe4 25. Rxe4 Rxe4 26. Qxe4 Qd2 27. Qe7
Nf8 28. Qe2 Qh6+ 29. Kg1 Rd2 30. Qe5 f6 31. Qc3 Rd7 32. a4 Ng6 33. Qe3 Re7 34.
Qc1 Rxe1+ 35. Qxe1 Ne5 36. a5 Kf7 37. Qd1 Ke8 38. Bxe5 fxe5 39. Qg4 Qc1+ 40.
Kh2 Qh6+ 41. Qh4 Qg6 42. f3 Kf7 43. g4 Qd6 44. Qh5+ Kf8 45. Kh3 h6 46. Qf5+ Kg8
47. Qe4 Kf7 48. Qb7+ Kf6 49. b6 Qd1 50. Qe4 g5 51. Qf5+ Kg7 52. Qxe5+ Kg6 53.
Kh2 1-0

[Event "SV Erkenschwick 1 - SK Werther 1"]
[Site "NRW-Klasse, Gruppe 1 2015/201"]
[Date "2016.01.10"]
[Round "5.7"]
[White "Jakovljevic, Goran"]
[Black "Krings, Christoph"]
[Result "0-1"]
[WhiteElo "1904"]
[BlackElo "2105"]
[PlyCount "68"]
[EventDate "2016.??.??"]
[WhiteTeam "SK Werther 1"]
[BlackTeam "SV Erkenschwick 1"]

1. e4 e6 2. d4 d5 3. e5 c5 4. c3 Nc6 5. Bb5 Qb6 6. Ba4 Bd7 7. Ne2 f6 8. exf6
Nxf6 9. O-O cxd4 10. cxd4 Bd6 11. Nbc3 O-O-O 12. Bxc6 Bxc6 13. a3 Kb8 14. b4 e5
15. Be3 Ng4 16. h3 Nxe3 17. fxe3 Rhf8 18. Qc2 e4 19. Qb3 Rxf1+ 20. Rxf1 Bb5 21.
Rf7 Bc4 22. Qa4 Bc7 23. Rxg7 Qh6 24. Rxc7 Qxe3+ 25. Kh1 Kxc7 26. Qa5+ Kc8 27.
Qxa7 Bxe2 28. Qc5+ Kb8 29. Nxd5 Qg3 30. Nb6 Qd6 31. Qa5 Qxd4 32. Na4 Qd1+ 33.
Kh2 Qd6+ 34. Kh1 Rf8 0-1

[Event "SV Erkenschwick 1 - SK Werther 1"]
[Site "NRW-Klasse, Gruppe 1 2015/201"]
[Date "2016.01.10"]
[Round "5.8"]
[White "Eggenstein, Frank"]
[Black "Hufendiek, Ekkehard"]
[Result "1/2-1/2"]
[WhiteElo "1939"]
[BlackElo "1849"]
[PlyCount "59"]
[EventDate "2016.??.??"]
[WhiteTeam "SV Erkenschwick 1"]
[BlackTeam "SK Werther 1"]

1. e4 e5 2. Nf3 Nc6 3. d4 exd4 4. Nxd4 Nf6 5. Nxc6 bxc6 6. e5 Qe7 7. Qe2 Nd5 8.
c4 Nb6 9. Nd2 a5 10. f4 Qe6 11. Qf2 Bb4 12. b3 Bc3 13. Rb1 Qf5 14. Rb2 Bxb2 15.
Bxb2 O-O 16. Qe3 Qc2 17. Bd4 Qc1+ 18. Kf2 a4 19. b4 a3 20. Rg1 Qd1 21. Bd3 Qh5
22. Nf3 Ba6 23. g4 Qh6 24. g5 Qh5 25. Bxb6 cxb6 26. Qxb6 Rfb8 27. Qc5 Bc8 28.
Qe7 g6 29. Qd8+ Kg7 30. Qf6+ 1/2-1/2

[Event "SF Katernberg 2 - PSV Duisburg 1"]
[Site "NRW-Klasse, Gruppe 1 2015/201"]
[Date "2016.01.10"]
[Round "5.1"]
[White "Schiffer, Kai-Uwe"]
[Black "Kolago, Marcin"]
[Result "0-1"]
[WhiteElo "2251"]
[BlackElo "2331"]
[PlyCount "66"]
[EventDate "2016.??.??"]
[WhiteTeam "PSV Duisburg 1"]
[BlackTeam "SF Katernberg 2"]

1. e4 d5 2. exd5 Qxd5 3. Nf3 Bg4 4. Be2 e6 5. O-O Nf6 6. d4 Qa5 7. c4 c6 8. h3
Bh5 9. Bf4 Be7 10. Nbd2 O-O 11. g4 Bg6 12. c5 Nd5 13. Nc4 Qd8 14. Bg3 Nd7 15.
Qd2 h6 16. Na5 Qc8 17. Rac1 f5 18. Ne5 Nxe5 19. Bxe5 Qd7 20. Bd3 Bh7 21. Nc4 b6
22. b4 b5 23. Na5 fxg4 24. Bxh7+ Kxh7 25. hxg4 Rf3 26. Rce1 Raf8 27. Re4 Bh4
28. Bd6 R8f6 29. Qe2 Kg8 30. a3 Bxf2+ 31. Kg2 Ne3+ 32. Rxe3 Rxe3 33. Qd1 Bh4
0-1

[Event "SF Katernberg 2 - PSV Duisburg 1"]
[Site "NRW-Klasse, Gruppe 1 2015/201"]
[Date "2016.01.10"]
[Round "5.2"]
[White "Rosen, Bernd"]
[Black "Maslak, Sulejman"]
[Result "0-1"]
[WhiteElo "2253"]
[BlackElo "2301"]
[PlyCount "132"]
[EventDate "2016.??.??"]
[WhiteTeam "SF Katernberg 2"]
[BlackTeam "PSV Duisburg 1"]

1. e4 e6 2. d4 d5 3. Nc3 Nf6 4. Bg5 Be7 5. e5 Nfd7 6. h4 h6 7. Be3 c5 8. Qg4 g6
9. f4 h5 10. Qg3 Nc6 11. Nf3 b6 12. Qf2 Bb7 13. a3 a6 14. Bd3 Qc7 15. O-O O-O-O
16. Na4 b5 17. Nxc5 Nxc5 18. dxc5 d4 19. Bd2 Bxc5 20. Ng5 Rhf8 21. b4 Be7 22.
Ne4 Rd5 23. Qe2 Qb6 24. Be1 Nxe5 25. Nc5 Nxd3 26. cxd3 Bxc5 27. bxc5 Qc6 28.
Rc1 Re8 29. Bd2 f5 30. Qf3 e5 31. fxe5 Rdxe5 32. Qxc6+ Bxc6 33. Rf2 Kd7 34. Kf1
Bd5 35. Re1 Rxe1+ 36. Bxe1 Kc6 37. Rf4 Bxg2+ 38. Kf2 Bd5 39. Bb4 Ra8 40. Rxd4
a5 41. Bd2 Kxc5 42. Be3 Kc6 43. Bd2 Kc5 44. Be3 Kd6 45. Bd2 b4 46. axb4 a4 47.
Bf4+ Ke6 48. b5 a3 49. Bc1 a2 50. Bb2 a1=Q 51. Bxa1 Rxa1 52. Rb4 Kd6 53. b6 Ra8
54. Ke3 Kc5 55. Rb1 Rb8 56. d4+ Kc6 57. Kf4 Rxb6 58. Rg1 Bf7 59. Ke5 Kd7 60. d5
Rd6 61. Ra1 Rxd5+ 62. Kf6 Be8 63. Ra7+ Kc6 64. Ra8 Bd7 65. Kxg6 f4 66. Rf8 Rf5
0-1

[Event "SF Katernberg 2 - PSV Duisburg 1"]
[Site "NRW-Klasse, Gruppe 1 2015/201"]
[Date "2016.01.10"]
[Round "5.3"]
[White "Wengenroth, Walter"]
[Black "Hoolt, Sarah"]
[Result "1/2-1/2"]
[WhiteElo "2207"]
[BlackElo "2224"]
[PlyCount "75"]
[EventDate "2016.??.??"]
[WhiteTeam "PSV Duisburg 1"]
[BlackTeam "SF Katernberg 2"]

1. e4 c5 2. Nf3 e6 3. d4 cxd4 4. Nxd4 a6 5. Bd3 Bc5 6. Nb3 Be7 7. O-O Nc6 8. c4
d6 9. Nc3 Nf6 10. f4 O-O 11. Kh1 b6 12. Be3 Bb7 13. a3 g6 14. Bg1 Nd7 15. Rc1
Rb8 16. Nd2 Nc5 17. Bb1 a5 18. Nf3 Bf6 19. Qe2 Nb3 20. Rcd1 Bxc3 21. bxc3 Qc7
22. Qe3 Nc5 23. f5 f6 24. fxg6 hxg6 25. Qh6 Qg7 26. Qxg7+ Kxg7 27. Rxd6 Rfe8
28. Bc2 Rbd8 29. Rxd8 Rxd8 30. Rb1 Nd7 31. c5 Rc8 32. cxb6 Nce5 33. Nxe5 Nxe5
34. Bd4 Nc4 35. Bd3 e5 36. Bf2 Nxa3 37. Rb3 Nc4 38. Bxc4 1/2-1/2

[Event "SF Katernberg 2 - PSV Duisburg 1"]
[Site "NRW-Klasse, Gruppe 1 2015/201"]
[Date "2016.01.10"]
[Round "5.4"]
[White "Wessendorf, Thomas"]
[Black "Kleff, Andre"]
[Result "1-0"]
[WhiteElo "2214"]
[BlackElo "2084"]
[Annotator "Hausrath,Daniel"]
[PlyCount "81"]
[EventDate "2016.??.??"]
[WhiteTeam "SF Katernberg 2"]
[BlackTeam "PSV Duisburg 1"]

1. e4 g6 2. d4 Bg7 3. Nc3 c6 4. Bc4 d5 5. exd5 b5 6. Bb3 b4 7. Nce2 cxd5 8. Nf3
Nf6 9. O-O O-O 10. a3 bxa3 11. Rxa3 Bg4 12. Ne5 Bxe2 13. Qxe2 e6 14. Be3 Nfd7
15. f4 Nxe5 16. fxe5 Qb6 17. Qd2 a6 18. c4 dxc4 19. Bxc4 Qc7 20. Ba2 Nd7 21.
Bh6 Rfd8 22. Rxf7 Kxf7 23. Rf3+ Bf6 24. exf6 Nf8 25. d5 Qc5+ $11 26. Kh1 Rxd5
27. Bxd5 exd5 28. Rc3 Qd6 29. Bxf8 Rxf8 30. Qh6 d4 31. Qg7+ Ke6 32. Rc1 d3 33.
Re1+ Kf5 34. Rf1+ Ke4 35. Re1+ Kf5 36. Rf1+ Ke4 37. Qb7+ Ke5 38. Qf3 Rxf6 39.
Qe3+ Kd5 40. Qxd3+ Ke5 41. Qc3+ 1-0

[Event "SF Katernberg 2 - PSV Duisburg 1"]
[Site "NRW-Klasse, Gruppe 1 2015/201"]
[Date "2016.01.10"]
[Round "5.5"]
[White "Heisel, Guido"]
[Black "Bee, Marcus"]
[Result "1-0"]
[WhiteElo "2051"]
[BlackElo "2175"]
[PlyCount "77"]
[EventDate "2016.??.??"]
[WhiteTeam "PSV Duisburg 1"]
[BlackTeam "SF Katernberg 2"]

1. d4 g6 2. h4 h5 3. Nf3 c5 4. dxc5 Bg7 5. c3 Qc7 6. g3 Qxc5 7. Bg2 d6 8. Qb3
Qc7 9. Na3 Nc6 10. Ng5 Nh6 11. Bf4 O-O 12. O-O Bd7 13. Rad1 Na5 14. Qc2 Rac8
15. Bd5 e5 16. Bc1 Nf5 17. Qd3 b6 18. Kh2 Ne7 19. Bg2 d5 20. e4 Bg4 21. exd5
Bxd1 22. Rxd1 Nf5 23. Bh3 Qd7 24. Nc2 Nc4 25. b3 Ncd6 26. c4 Rfe8 27. Ne4 Nxe4
28. Qxe4 Rcd8 29. Ne3 Nd6 30. Bxd7 Nxe4 31. Bxe8 Rxe8 32. Kg2 a5 33. Bb2 Bf8
34. f3 Nc5 35. d6 f6 36. Nd5 Nd7 37. Bc1 Re6 38. Ba3 Bxd6 39. Bxd6 1-0

[Event "SF Katernberg 2 - PSV Duisburg 1"]
[Site "NRW-Klasse, Gruppe 1 2015/201"]
[Date "2016.01.10"]
[Round "5.6"]
[White "Gassmann, Volker"]
[Black "Sponheim, Marko"]
[Result "1-0"]
[WhiteElo "2104"]
[BlackElo "1972"]
[PlyCount "99"]
[EventDate "2016.??.??"]
[WhiteTeam "SF Katernberg 2"]
[BlackTeam "PSV Duisburg 1"]

1. d4 Nf6 2. c4 c5 3. Nf3 cxd4 4. Nxd4 a6 5. Nc3 d5 6. cxd5 Nxd5 7. Nb3 Nxc3 8.
Qxd8+ Kxd8 9. bxc3 e5 10. g3 Nc6 11. Be3 Kc7 12. Bg2 Be6 13. O-O Bc4 14. f4 Bd6
15. Nd2 Bxe2 16. fxe5 Nxe5 17. Rfb1 Bb5 18. a4 Bc6 19. Bb6+ Kd7 20. Ne4 f5 21.
Nxd6 Kxd6 22. Rd1+ Ke6 23. Re1 Bxg2 24. Kxg2 Rhe8 25. Bd4 Kd5 26. Rad1 Nc4 27.
Bxg7+ Kc6 28. Kf3 Nb2 29. Rxe8 Rxe8 30. Rd4 Re4 31. Rxe4 fxe4+ 32. Kxe4 Nxa4
33. g4 Nc5+ 34. Kf5 Kd7 35. h4 Ke7 36. h5 b5 37. Bd4 Nd7 38. g5 a5 39. g6 hxg6+
40. Kxg6 Nf8+ 41. Kf5 b4 42. c4 Ne6 43. Be5 a4 44. h6 Nf8 45. c5 a3 46. Bd6+
Kf7 47. c6 Ne6 48. h7 Ng7+ 49. Ke4 a2 50. Be5 1-0

[Event "SF Katernberg 2 - PSV Duisburg 1"]
[Site "NRW-Klasse, Gruppe 1 2015/201"]
[Date "2016.01.10"]
[Round "5.7"]
[White "Sirringhaus, Wilfried"]
[Black "Kaeding, Rainer"]
[Result "1-0"]
[WhiteElo "2054"]
[BlackElo "2123"]
[PlyCount "51"]
[EventDate "2016.??.??"]
[WhiteTeam "PSV Duisburg 1"]
[BlackTeam "SF Katernberg 2"]

1. e4 c5 2. Nf3 e6 3. c3 d5 4. e5 Qb6 5. d4 Bd7 6. Be2 Bb5 7. O-O Bxe2 8. Qxe2
Nc6 9. dxc5 Bxc5 10. Nbd2 a5 11. Nb3 a4 12. Nxc5 Qxc5 13. Be3 Qa5 14. Nd4 Nge7
15. f4 O-O 16. Kh1 Nxd4 17. Bxd4 Rac8 18. g4 Rc6 19. f5 Qc7 20. Rae1 Re8 21. f6
Ng6 22. Qe3 Rc8 23. Rf3 Qd8 24. fxg7 Qh4 25. Rh3 Qxg4 26. Qh6 1-0

[Event "SF Katernberg 2 - PSV Duisburg 1"]
[Site "NRW-Klasse, Gruppe 1 2015/201"]
[Date "2016.01.10"]
[Round "5.8"]
[White "Imcke, Patrick"]
[Black "Brueggemann, Josef"]
[Result "1/2-1/2"]
[WhiteElo "2075"]
[BlackElo "1984"]
[PlyCount "65"]
[EventDate "2016.??.??"]
[WhiteTeam "SF Katernberg 2"]
[BlackTeam "PSV Duisburg 1"]

1. e4 e5 2. Nf3 Nc6 3. d4 exd4 4. Bc4 Nf6 5. e5 d5 6. Bb5 Ne4 7. Nxd4 Bd7 8.
Bxc6 bxc6 9. O-O Be7 10. f3 Ng5 11. Be3 c5 12. Nb3 c4 13. Nc5 c6 14. Nc3 Ne6
15. N5a4 O-O 16. f4 f5 17. b3 Qa5 18. a3 Rad8 19. b4 Qc7 20. Bd4 Be8 21. Qd2 c5
22. Nxc5 Bxc5 23. bxc5 Nxc5 24. Qf2 Ne6 25. Rfd1 Qa5 26. a4 Bh5 27. Rdb1 Rb8
28. Rb5 Rxb5 29. Nxb5 Rb8 30. h3 a6 31. Nd6 Bg6 32. Kh2 Qb4 33. Ba7 1/2-1/2

[Event "Kölner SK Dr. Lasker 1 - LSV Turm Lipps"]
[Site "NRW-Klasse, Gruppe 1 2015/201"]
[Date "2016.01.10"]
[Round "5.3"]
[White "Grobbel, Rainer"]
[Black "Kloss, Henning"]
[Result "1-0"]
[WhiteElo "2110"]
[BlackElo "2165"]
[PlyCount "125"]
[EventDate "2016.??.??"]
[WhiteTeam "LSV Turm Lippstadt 1"]
[BlackTeam "Kölner SK Dr. Lasker 1"]

1. d4 Nf6 2. c4 g6 3. Nc3 d5 4. Bg5 Ne4 5. Nxe4 dxe4 6. Qd2 Bg7 7. e3 c5 8. d5
Qb6 9. Rb1 Nd7 10. Ne2 Qb4 11. Qxb4 cxb4 12. Nd4 Nc5 13. Be2 Bd7 14. O-O Rc8
15. Rfd1 f6 16. Bh4 Kf7 17. f3 Rhd8 18. Be1 exf3 19. gxf3 a5 20. a3 Na6 21. b3
e5 22. Nc2 Bf8 23. Ra1 Bc5 24. Kg2 Ra8 25. e4 b6 26. a4 Rg8 27. Bf2 Bxf2 28.
Kxf2 Nc5 29. Rab1 f5 30. Ke3 f4+ 31. Kf2 g5 32. Ne1 h5 33. Nd3 Nxd3+ 34. Rxd3
g4 35. Rg1 Rg6 36. Bf1 Ke7 37. Rd2 Rag8 38. Ke1 Kd6 39. Rdg2 Be8 40. Be2 Bd7
41. h3 g3 42. Rh1 h4 43. Kd2 Ra8 44. Bd1 Rgg8 45. Kd3 Rac8 46. Bc2 b5 47. axb5
Bxb5 48. cxb5 Rc3+ 49. Kd2 Rxf3 50. Bd1 Rc3 51. Rf1 Rb8 52. Rf3 Rxf3 53. Bxf3
Rxb5 54. Rg1 Rb7 55. Rc1 Rg7 56. Bg2 f3 57. Bxf3 g2 58. Rg1 Rg3 59. Ke2 Kc5 60.
Rxg2 Rxh3 61. Ke3 Kb5 62. Rd2 Rg3 63. d6 1-0

[Event "Kölner SK Dr. Lasker 1 - LSV Turm Lipps"]
[Site "NRW-Klasse, Gruppe 1 2015/201"]
[Date "2016.01.10"]
[Round "5.4"]
[White "Nagel, Bernhard"]
[Black "Roemhild, Marcus"]
[Result "1/2-1/2"]
[WhiteElo "2189"]
[BlackElo "2026"]
[PlyCount "98"]
[EventDate "2016.??.??"]
[WhiteTeam "Kölner SK Dr. Lasker 1"]
[BlackTeam "LSV Turm Lippstadt 1"]

1. d4 Nf6 2. c4 c5 3. d5 b5 4. Qc2 bxc4 5. e4 e6 6. Bxc4 Be7 7. Nf3 O-O 8. d6
Bxd6 9. e5 Be7 10. exf6 Bxf6 11. Bd3 g6 12. h4 Ba6 13. Bg5 Bxd3 14. Qxd3 Qa5+
15. Nc3 Bg7 16. Be7 Re8 17. Bd6 Nc6 18. O-O Rac8 19. Rfe1 Nd4 20. Ne5 Qb6 21.
Nc4 Qa6 22. Rad1 Rc6 23. Be5 d5 24. Na3 Bxe5 25. Rxe5 Rb8 26. Qxa6 Rxa6 27. Rd2
Kg7 28. Re1 Rb4 29. Rc1 Ra5 30. Nd1 Nf5 31. g3 Rb7 32. Kg2 h5 33. Rc3 c4 34.
Rc1 Nd6 35. Ne3 Ne4 36. Naxc4 dxc4 37. Rd4 Nf6 38. a3 e5 39. Rd2 c3 40. bxc3
Rxa3 41. Nc4 Ne4 42. Rdc2 Ra6 43. Nxe5 Re7 44. Nf3 Rc6 45. c4 Nc5 46. Ra1 a6
47. Ra3 Re4 48. Ng5 Rd4 49. Nf3 Re4 1/2-1/2